New Zealand Electorates - Statistics

General Stats
  • This quiz has been taken 26 times
  • The average score is 35 of 71
Answer Stats
Party Electorate % Correct
General Electorates Wellington Central
90%
General Electorates Auckland Central
80%
General Electorates Christchurch Central
80%
General Electorates Clutha-Southland
80%
General Electorates Northland
80%
General Electorates West Coast-Tasman
80%
General Electorates Epsom
75%
General Electorates Nelson
75%
General Electorates Tauranga
75%
General Electorates Waikato
75%
General Electorates East Coast
70%
General Electorates Hutt South
70%
General Electorates Napier
70%
General Electorates New Plymouth
70%
General Electorates Rotorua
70%
General Electorates Dunedin North
65%
General Electorates Dunedin South
65%
General Electorates Invercargill
65%
General Electorates Mana
65%
General Electorates Palmerston North
65%
General Electorates Port Hills
65%
General Electorates Tāmaki
65%
General Electorates Whangarei
65%
General Electorates Hamilton East
60%
General Electorates Hamilton West
60%
General Electorates Taupō
60%
General Electorates Coromandel
55%
General Electorates Hellensville
55%
General Electorates Selwyn
55%
Māori Electorates Tamaki Makaurau
55%
General Electorates Ilam
50%
General Electorates Kaikoura
50%
General Electorates Manukau East
50%
General Electorates Mount Albert
50%
General Electorates Mount Roskill
50%
General Electorates Ōhariu
50%
General Electorates Whanganui
50%
General Electorates Bay of Plenty
45%
General Electorates Mangere
45%
General Electorates North Shore
45%
Māori Electorates Te Tai Tonga
45%
General Electorates Botany
40%
General Electorates Papakura
40%
General Electorates Rongotai
40%
General Electorates Taranaki-King Country
40%
Māori Electorates Te Tai Tokerau
40%
Māori Electorates Waiariki
40%
General Electorates Waimakariri
40%
General Electorates Wairarapa
40%
General Electorates Christchurch East
35%
General Electorates East Coast Bays
35%
General Electorates Maungakiekie
35%
General Electorates New Lynn
35%
General Electorates Ōtaki
35%
General Electorates Upper Harbour
35%
Māori Electorates Hauraki-Waikato
30%
Māori Electorates Ikaroa-Rawhiti
30%
General Electorates Manurewa
30%
General Electorates Pakuranga
30%
General Electorates Rimutaka
30%
Māori Electorates Te Tai Hauauru
30%
General Electorates Hunua
25%
General Electorates Rangitata
25%
General Electorates Rodney
25%
General Electorates Tukituki
25%
General Electorates Waitaki
25%
General Electorates Wigram
25%
General Electorates Kelston
20%
General Electorates Northcote
20%
General Electorates Rangitīkei
20%
General Electorates Te Atatū
15%
No matching quizzes found
Score Distribution
Percent of People with Each Score
Percentile by Number Answered
Your Score History
You have not taken this quiz